[Event "Sunny Beach op-C 13th"]
[Site "Sunny Beach"]
[Date "2014.09.06"]
[Round "1"]
[White "Kazakov, Danail"]
[Black "Mammadova, Fatima"]
[Result "1-0"]
[WhiteElo "1856"]
[BlackElo "1419"]
[PlyCount "65"]
[EventDate "2014.09.06"]
[EventType "swiss"]
[EventRounds "9"]
[EventCountry "BUL"]
[SourceTitle "CBM 162 Extra"]
[Source "ChessBase"]
[SourceDate "2014.10.17"]
[SourceVersion "1"]
[SourceVersionDate "2014.10.17"]
[SourceQuality "1"]

1. f4 d5 2. d4 Nf6 3. Nf3 e6 4. e3 Nbd7 5. Bd3 c5 6. c3 c4 7. Bc2 Nb6 8. Nbd2 Be7 9. 0-0 0-0 10. h3 Nh5 11. Ng5 Ng3 12. Nxh7 Nxf1 13. Nxf8 Ng3 14. Qg4 Nf5 15. Qh5 Bxf8 16. Nf3 g6 17. Qg4 Qf6 18. Bd2 Bh6 19. h4 Qg7 20. Qh3 Nd6 21. g4 Qf8 22. h5 gxh5 23. Qxh5 Qg7 24. g5 Ne4 25. Qxh6 Qxh6 26. gxh6 Bd7 27. Kh2 Kf8 28. Be1 Ke7 29. Bh4+ Kd6 30. Ne5 Rf8 31. h7 Be8 32. Bxe4 dxe4 33. Bf6 1-0